| 000 | 00779nam a2200265Ia 4500 | ||
|---|---|---|---|
| 001 | Para_1586 | ||
| 003 | CHAP | ||
| 005 | 20250902133944.0 | ||
| 008 | 220125s1990 xx 000 0 und d | ||
| 010 | _a204465 | ||
| 040 | _cCHAP | ||
| 082 | _aPA 632.58 .L6 | ||
| 100 |
_aLorenzi, Harri _9170424 |
||
| 245 |
_aManual de identificao e controle de plantas daninhas. plantio direto e convencional / _c por Harri Lorenzi |
||
| 250 | _a3a. | ||
| 260 |
_aNovo Odessa-SP. : _b Plantarum |
||
| 300 | _a240 p. | ||
| 650 |
_aMalas hierbas _x control _970011 |
||
| 650 |
_aMalas hierbas _x identificación _970020 |
||
| 901 | _aPA 632.58 L6 | ||
| 902 | _aA | ||
| 905 | _a0000001990 a 0000000000 00 | ||
| 910 | _a1990 | ||
| 942 |
_cLIBRO _2ddc |
||
| 999 |
_c204465 _d204465 |
||